000
00284nam a22001337a 4500
008
180911b xxu||||| |||| 00| 0 eng d
020
_a
2900415121827
041
_a
eng
080
_a
902
100
_a
45
101
_a
ARKE
245
_a
Ancient Cities
_c
Gates ,Ch
942
_2
udc
_c
BK
999
_c
47666
_d
47666